000 00549nam a2200169 i 4500
001 123160
003 ES-MaACL
005 20230906192124.0
007 t|
008 070214s1915 mx r ||||0| spa d
100 1 _aPruneda, Alfonso.
_994085
245 1 3 _aLa Universidad Popular Mexicana en el segundo año de sus labores
_b: (1913 - 1914) /
_cAlfonso Pruneda.
260 _aMéxico :
_b[s. n.],
_c1915 (
_fImp. Stephan y Torres)
300 _a22 p. ;
_c21 cm.
610 2 4 _aUniversidad Popular Mexicana.
_9155654
852 _aES-MaACL
_jT-1467-F-8
999 _c123160
_d123160